Statistics for Biggest World Cities Ending in I

Click here to take the quiz!

General Stats

  • This quiz has been taken 76 times
  • The average score is 7 of 20

Answer Stats

Population City % Correct
27.2 milDelhi
75%
31.1 milShanghai
71%
25.1 milKarachi
63%
23.6 milMumbai
62%
10.3 milChennai
54%
3.5 milHanoi
54%
6.2 milMiami
44%
9.1 milTaipei
43%
4.2 milDubai
43%
5.4 milNairobi
29%
2.8 milCincinnati
27%
3.7 milÜrümqi
25%
3.0 milCali
25%
3.4 milWuxi
21%
4.6 milHefei
19%
2.1 milCixi
14%
4.0 milRawalpindi
11%
2.6 milBhilai
6%
2.8 milKumasi
5%
2.2 milYantai
5%

Score Distribution

Percentile by Number Answered

Percent of People with Each Score

Your Score History

You have not taken this quiz